Вып. 9 : Литология, метаморфизм и металлогения раннего докембрия; Проблемы осадочной геологии докембрия

Bibliografske podrobnosti
Parent link:Проблемы осадочной геологии докембрия=Problems of sedimentary geology of the precambrian: сборник статей/ Академия наук СССР (АН СССР), Институт литосферы (ИЛ), Международная программа геологической корреляции, Проект 91 "Металлогения докембрия" ; гл. ред. А. В. Сидоренко. Вып. 9 : Литология, метаморфизм и металлогения раннего докембрия.— , 1966-1985
Izvleček:Рез. статей на англ. яз.
Jezik:ruščina
Izdano: 1984
Teme:
Format: Knjiga
KOHA link:https://koha.lib.tpu.ru/cgi-bin/koha/opac-detail.pl?biblionumber=282593

MARC

LEADER 00000n m2a2200000 4500
001 282593
005 20231101235519.0
035 |a (RuTPU)RU\TPU\book\306524 
035 |a RU\TPU\book\249333 
090 |a 282593 
100 |a 20150202d1984 k y0rusy50 ca 
101 0 |a rus 
102 |a RU 
105 |a a z 001zy 
200 0 |a Вып. 9 : Литология, метаморфизм и металлогения раннего докембрия 
210 |d 1984 
215 |a 224 с.  |c ил. 
300 |a Рез. статей на англ. яз. 
320 |a Библиогр. в конце статей 
461 1 |0 (RuTPU)RU\TPU\book\249333  |t Проблемы осадочной геологии докембрия  |l Problems of sedimentary geology of the precambrian  |o сборник статей  |f Академия наук СССР (АН СССР), Институт литосферы (ИЛ), Международная программа геологической корреляции, Проект 91 "Металлогения докембрия" ; гл. ред. А. В. Сидоренко  |v Вып. 9 : Литология, метаморфизм и металлогения раннего докембрия  |d 1966-1985 
606 1 |a Металлогения осадочных пород  |2 stltpush  |3 (RuTPU)RU\TPU\subj\42413  |9 62080 
606 1 |a Докембрийские отложения  |2 stltpush  |3 (RuTPU)RU\TPU\subj\9862  |9 37021 
610 1 |a углерод 
610 1 |a геохимия 
610 1 |a осадочные породы 
610 1 |a литология 
610 1 |a метаморфизм 
675 |a 553.078  |v 4 
675 |a 551.71/.72  |v 4 
801 1 |a RU  |b 63413507  |c 20121222 
801 2 |a RU  |b 63413507  |c 20170503  |g RCR 
942 |c BK